000 00306 a2200133 4500
001 148367
040 _cEscola São Tomás de Aquino
100 _aRESENDE, Tomás de Aquino
240 1 0 _aJoão cidadão
_lpor
245 1 0 _aJoão cidadão
362 0 _a2005
697 _a*LITERATURA INFANTO
942 _cBK
999 _c148367
_d148367